| 000 | 01038cab a22002415a 4500 | ||
|---|---|---|---|
| 001 | L153564 | ||
| 008 | 110805e20110802xxk 000 0 eng d | ||
| 035 | _a(Sirsi) u153564 | ||
| 041 | 0 | _aeng | |
| 100 | 1 | _aPawlowska, Chrisoulla | |
| 245 | 0 | 0 | _aModest proposal |
| 260 | _c2011 | ||
| 490 |
_aSolicitors Journal _v155(30) 2 August 2011, 14-15(2) |
||
| 520 | _aDiscusses "Scullion v Bank of Scotland (T/A Colleys)" [2011] EWCA Civ 693 which held that the buy-to-let purchaser of a flat was not owed a duty of care by his mortgagee's surveyor for a negligence property valuation. (See L153160 to view full transcript). Discusses implications of "Scullion" for buy to let purchasers and negligent valuations. | ||
| 590 | _aKA | ||
| 650 | 2 | 4 | _aSCULLION V BANK OF SCOTLAND PLC (T/A COLLEYS) |
| 650 | 2 | 4 | _aSMITH V ERIC S BUSH |
| 650 | 2 | 4 | _aHARRIS V WYRE FOREST DC |
| 650 | 2 | 4 | _aCAPARO INDUSTRIES PLC V DICKMAN |
| 651 | 4 |
_aUnited Kingdom _y |
|
| 690 | _aMANAGEMENT-BUSINESS MANAGEMENT-PROFESSIONAL PRACTICE-NEGLIGENCE | ||
| 942 | _n0 | ||
| 999 |
_c83313 _d83313 |
||